000 00330nam a2200133Ia 4500
008 191201s1975 xx 000 0 und d
100 _aCRISPIN, F S
245 0 _aDictionary of Technical Terms
250 _a11th
260 _aN.Delhi
_bOxford Universty Press
_c1975
300 _a455
650 _aGeneral Books
942 _2ddc
_cBK
999 _c2402
_d2402